000 00532nam a22001817a 4500
999 _c6255
_d6255
003 OSt
005 20190827105140.0
008 190827b ||||| |||| 00| 0 eng d
020 _a9187748312
040 _cDDC.
082 _a330GES 1996.
100 _aGessesse,Belay;[et...al]
_912866
245 _aTrading places: Alternative models of economic co-operation in the Horn of africa.
260 _aSweden,
_bLife & Peace Institute.
_c1996.
300 _aviii,139p;
_bill.
_c22cm.
650 _aEconomics.
_9975
942 _2ddc
_cO_SHELF